| 000 | nam a22 7a 4500 | ||
|---|---|---|---|
| 999 |
_c128534 _d128534 |
||
| 008 | 181109b xxu||||| |||| 00| 0 eng d | ||
| 050 |
_aSPC. LB475.R7 _bA2 1728 |
||
| 100 |
_aRollin, Charles _943334 |
||
| 245 |
_aDe la maniere d'enseigner et d'etudier _bles belles lettres _cCharles Rollin |
||
| 260 |
_aParis _bJacques Estiene _c1728 |
||
| 300 |
_a334p. ; _c16cm. |
||
| 650 |
_aEducation _918163 |
||
| 942 |
_2lcc _cMONOGRAPH |
||